Statistics for Countries That Are Both Big and Populated

Click here to take the quiz!

General Stats

  • This quiz has been taken 69 times
  • The average score is 12 of 14

Answer Stats

Country % Correct
India
100%
China
100%
Brazil
99%
Russia
97%
United States
97%
Indonesia
96%
Mexico
93%
Egypt
85%
Iran
84%
DR Congo
79%
Ethiopia
74%
South Africa
71%
Colombia
57%
Tanzania
51%

Score Distribution

Percentile by Number Answered

Percent of People with Each Score

Your Score History

You have not taken this quiz